| 000 | 00710nam a22001937a 4500 | ||
|---|---|---|---|
| 999 |
_c177691 _d177691 |
||
| 005 | 20210225153443.0 | ||
| 010 | _aENG-129066 | ||
| 020 |
_c699.00 _a978-1-5387-1473-7 |
||
| 035 | _aEN-112598 | ||
| 037 | _bDBAD/PUB | ||
| 082 | _a324.973 | ||
| 100 | _aIsikoff, Michael | ||
| 245 |
_aRussian Roulette: the inside story of Putin's war on america and the election of Donald Trump/ _bMichael Isikoff and David Corn |
||
| 260 |
_aGurugram _bHachette Book Publishing India Pvt. Ltd. _c2018 |
||
| 270 |
_bGurugram _a4th/5th Floors, Corporate Centre, Plot No- 94, Sec- 44 _e122003 |
||
| 300 |
_axi+338p. _c23cm(pbk) _bIncluding index. |
||
| 700 | _aCorn, David | ||
| 942 |
_2ddc _cEN _h324.973 _mISI |
||